00494nam a22001697a 450000500170000001000150001702000260003203500140005803700090007208200160008110000170009724500530011425000060016726000300017327000990020330000220030220241206121553.0 aENG-142886 a9788195321971c925.00 aEN-126418 bDBAD a954.031221 aJaspal Singh aThe Economy of South-East Asia/cby Jaspal Singh a1 aDelhibKeshav Booksc2021 aF-7, Gali No.1, 3rd Floor, Panchsheel Garden Ext. Naveen Shahdara, bDelhie110032k9871603557 a3,274p.c22cm(Hb)